| 000 | 00668nam a2200217Ia 4500 | ||
|---|---|---|---|
| 003 | IN-BaIIA | ||
| 008 | 211028s9999 xx 000 0 eng d | ||
| 020 | _a81-85015-90-2 | ||
| 040 | _cIIA Library | ||
| 080 |
_a620.17 _bBEC |
||
| 100 |
_aBeckwith, Thomas G. _917531 |
||
| 245 | 0 |
_aMechanical measurments _cThomas G. Beckwith, N. Lewis Buck and Roy D. Marangoni |
|
| 250 | _a3rd ed. | ||
| 260 |
_aNew Delhi _bNarosa Publishing House _c1987 |
||
| 300 | _axviii, 730p. | ||
| 650 |
_aMachanics _917532 |
||
| 650 | _aNASA Thesaurus | ||
| 700 |
_aLewis Buck, N. _917533 |
||
| 700 |
_aMarangoni, Roy D. _917534 |
||
| 942 | _cBK | ||
| 999 |
_c10315 _d10315 |
||